000 00495nam a2200181Ia 4500
008 131103s9999 xx 000 0 und d
040 _aLoreto College
041 _aEnglish
082 _a370.1/ROS
_bLCLIB/Ed Sem Lib589/46577
100 _aRoss,James S.
245 _aGroundwork of educational theory
_cJames S.Ross
260 _aLondon
_bGeorge G.Harrap
_c1956
300 _a264 p.
_c 19 cm.
504 _aIncludes index
650 _aEducation - Theory
850 _aLCLIB
942 _cBK
999 _c10907
_d61386